Vývoj poznania v oblasti racionalizácie výživy výsledky výskumu výživy v 6. 5RP

Saved in:
Bibliographic Details
Format: Book
Language:Slovak
Published: Bratislava Výskumný ústav životnej úrovne 1981
Tags: Add Tag
No Tags, Be the first to tag this record!

MARC

LEADER 00000nam a2200000 4500
001 c128513
005 20221128074536.2
041 0 |a slo 
044 |a SK 
245 1 0 |a Vývoj poznania v oblasti racionalizácie výživy  |b výsledky výskumu výživy v 6. 5RP 
264 1 |a Bratislava  |b Výskumný ústav životnej úrovne  |c 1981 
300 |a 482 s.